Argomenti per una teoría dell' ordinamento giuridico
Saved in:
| Hovedforfatter: | |
|---|---|
| Format: | Bog |
| Sprog: | italiensk |
| Udgivet: |
Nápoles
Jovene
1987
|
| Fag: | |
| Tags: |
Tilføj Tag
Ingen Tags, Vær først til at tagge denne postø!
|
MARC
| LEADER | 00000nam a2200000 a 4500 | ||
|---|---|---|---|
| 001 | UCV2733 | ||
| 003 | CL-VaPUC | ||
| 008 | 921103e19870000IT |||||||||||||||||ita|d | ||
| 082 | 0 | 4 | |a 340.1 |b CAT |2 21 |
| 100 | 0 | |a Catania, Alfonso |e author |9 297013 | |
| 245 | 1 | 0 | |a Argomenti per una teoría dell' ordinamento giuridico |
| 300 | |a 209 p | ||
| 942 | |c BK | ||
| 945 | |d 19921103 00:00:00 | ||
| 260 | |a Nápoles |b Jovene |c 1987 | ||
| 650 | 0 | |a Filosofía del derecho |9 255050 | |
| 583 | |a last modification |c 19921103 00:00:00 |k Rodrigo Vera | ||
| 999 | |c 210234 |d 210232 | ||
| 952 | |0 0 |1 0 |4 0 |6 340_100000000000000_CAT_1987 |7 0 |8 DER_TF |9 186317 |a BIBDER |b BIBDER |d 2019-11-14 |i 2537834 |l 1 |o 340.1 CAT 1987 |p 2537834 |r 2023-01-25 |s 2020-03-18 |w 2019-11-14 |x Ubicación 4to Piso |y BK |z Estos recursos deben solicitarse con anticipación |k DER | ||